000
00209 a2200097 4500
001
4835
100
_a
Bohr,N
245
_a
Atomic physics & human knowledge
260
_a
_b
Sciecne edt
_c
090
_c
4026
_d
4026
942
_a
NUST-CAE
_c
M
_c
30297
999
_c
239908
_d
239908